| 000 | 01358nmc a2200409 a 4500 | ||
|---|---|---|---|
| 003 | AR-BaBNM | ||
| 005 | 20251128204201.0 | ||
| 008 | 015019s1988 ||||||||||||||000 | spa|| | ||
| 020 | _a950-06-1107-4 | ||
| 040 | _cAR-BaBNM | ||
| 100 | 1 | _aJohnston, Elizabeth B. | |
| 245 | 1 | 0 |
_aDesarrollo del lenguaje _blineamientos piagetianos : un programa de intervención terapéutica grupal intensiva para el desarrollo del lenguaje en niños preescolares |
| 250 | _a1ª ed. | ||
| 260 |
_aBuenos Aires _bEditorial Médica Panamericana _c1988 |
||
| 300 | 0 |
_a326 p. _bgráfs. |
|
| 490 | 0 | _aEducación especial | |
| 500 | 0 | _aContiene glosario e índice analítico | |
| 500 | 0 | _aTítulo original: The Piagetian language nursery | |
| 500 | 1 | _aEjemplar no. 138790: 8ª reimpr., 2001 | |
| 504 | _aContiene bibliografía | ||
| 600 | 1 | 4 | _aPiaget, Jean |
| 650 | 4 | _aEDUCACION ESPECIAL | |
| 650 | 4 | _aDESARROLLO DEL LENGUAJE | |
| 650 | 4 | _aPROGRAMAS DE EDUCACION ESPECIAL | |
| 650 | 4 | _aPSICOLINGUISTICA | |
| 650 | 4 | _aPROGRAMAS DE RECUPERACION | |
| 650 | 4 | _aDIAGNOSTICO EDUCACIONAL | |
| 650 | 4 | _aEDUCACION DE LOS PADRES | |
| 650 | 4 | _aTRASTORNOS DEL HABLA | |
| 650 | 4 | _aCOMUNICACION VERBAL | |
| 651 | 4 | _aEstados Unidos | |
| 653 | _aPSICOPEDAGOGIA | ||
| 653 | _aEDUCACION INICIAL | ||
| 700 | 1 | _aJohnston, Andrew V. | |
| 942 | _cBK | ||
| 998 | _cGrace | ||
| 999 |
_c6507 _d6507 |
||